Statystyki dla Rośliny pvz1

Kliknij tutaj aby rozwiązać quiz!

Ogólne statystyki

  • Ten quiz został rozwiązany 17 razy
  • Średni wynik to 15 z 49

Statystyki odpowiedzi

HintOdpowiedź% Poprawnych
roślinaSunflower
92%
roślinaWall nut
67%
roślinaCherry Bomb
58%
GrzybDoom Shroom
58%
roślinaPeashooter
58%
GrzybPuff Shroom
50%
roślinaCabbage Pult
42%
roślinaChomper
42%
GrzybHypno Shroom
42%
roślinaLily Pad
42%
roślinaPotato MIne
42%
roślinaTall Nut
42%
GrzybFume Shroom
33%
GrzybIce Shroom
33%
roślinaJalapeno
33%
GrzybMagnet Shroom
33%
roślinaMelon Pult
33%
roślinaPlantern
33%
roślinaRepeater
33%
GrzybScaredy Shroom
33%
roślinaSnow Pea
33%
GrzybSun Shroom
33%
roślinaThreepeater
33%
roślinaWinter Melon
33%
roślinaCactus
25%
roślinaCoffe Bean
25%
GrzybGrave Buster
25%
roślinaKernel Pult
25%
roślinaSplit Pea
25%
roślinaTangle Kelp
25%
roślinaBlover
17%
roślinaCattail
17%
przedmiotFlower Pot
17%
GrzybGloom Shroom
17%
roślinaImitater
17%
roślinaMarigold
17%
roślinaPumpkin
17%
GrzybSea Shroom
17%
roślinaSpikeweed
17%
roślinaSquash
17%
roślinaStarfruit
17%
roślinatorchwood
17%
roślinaTwin Sunflower
17%
roślinaCob Cannon
8%
roślinaGarlic
8%
roślinaGatling Pea
8%
roślinaGold Magnet
8%
roślinaSpikerock
8%
roślinaUmbrella Leaf
8%

Rozkład punktacji

Percentyl według liczby udzielonych odpowiedzi

Procent ludzi z każdym wynikiem

Twoja historia wyników

Nie rozwiązałeś tego quizu